Úloha múzeí v oblasti ochrany prírody a životného prostredia medzinárodná konferencia pri príležitosti 75. výročia vzniku múzea : zborník referátov

Bibliographic Details
Other Authors: Šubová, Dana, 1952- (Editor)
Format: Book
Language:Slovak
English
PhysicalDescription:96 s. fotogr., tab. 30 cm
Published: Liptovský Mikuláš Slovenské múzeum ochrany prírody a jaskyniarstva 2005
ISBN:8088924464 (brož.)
Edition:[1. vyd.]
Subjects:

MARC

LEADER 00000nam a2200000 a 4500
001 vtls008697753
003 SK-MaSNL
005 20260425222719.0
008 250414s2005 xo ol f 100 0 slo
015 |a SNBA2006/06-03175 
020 |a 8088924464 (brož.) 
035 |a c4f4893b-e91e-4955-b064-a2f7d3267558 
035 |a urn:nbn:sk:snk-amjs1d 
035 |a urn:nbn:sk:snk:ar-0096z1 
040 |a SNK  |b slo  |c SNK  |e AACR2 
041 0 |a slo  |a eng 
044 |a xo  |c SK 
072 7 |a 069  |x Múzeá. Muzeológia. Muzejníctvo. Výstavy  |2 konspekt 
080 |a 502.17  |2 2001 
080 |a (063)  |2 2001 
080 |a 069  |2 2001 
245 0 0 |a Úloha múzeí v oblasti ochrany prírody a životného prostredia  |b medzinárodná konferencia pri príležitosti 75. výročia vzniku múzea : zborník referátov  |c [editor: Dana Šubová] 
250 |a [1. vyd.] 
260 |a Liptovský Mikuláš  |b Slovenské múzeum ochrany prírody a jaskyniarstva  |c 2005 
300 |a 96 s.  |b fotogr., tab.  |c 30 cm 
546 |a Bibliogr. odkazy 
650 0 7 |a ochrana prírody  |2 SNKPH  |9 3778 
650 0 7 |a ochrana životného prostredia  |2 SNKPH  |9 3352 
650 0 7 |a múzeá  |2 SNKPH  |9 4119 
655 7 |a zborníky konferencií  |2 SNKPH  |9 70153 
655 7 |a issue_zb  |2 SNK  |9 276493 
700 1 |a Šubová, Dana,  |d 1952-  |4 edt  |9 38043 
852 |a Slovenská národná knižnica 
919 |a 80-88924-46-4 
954 |a odborná, vedecká literatúra pôvodná (slovenská)  |2 lita 
954 |a odborná, vedecká literatúra cudzojazyčná (svetová)  |2 lita 
958 |a ART 
958 |a OND 
999 |c 565981  |d 567911 
952 |a SNK  |b SNK  |y PREZ  |7 0  |p 17A0506572  |o snkSB 72244  |i snk2006/9049  |8 0  |0 0  |1 0  |4 0  |d 2006-05-03  |f 1  |l 0  |r 2025-04-25 00:00:00  |w 2026-02-23 
952 |a SNK  |b SNK  |y VYP  |7 0  |p 17A0506574  |o snkSB 72244 D1  |i snk2006/9051  |8 0  |0 0  |1 0  |4 0  |d 2006-05-03  |l 0  |r 2016-06-30 00:00:00  |w 2026-02-23